[Event "Mittelfranken Landesliga Nord 2223"]
[Site "Mittelfranken"]
[Date "2022.11.27"]
[Round "3.7"]
[White "Huber, Benedikt Thomas"]
[Black "Ferlan, Istok"]
[Result "0-1"]
[WhiteElo "1986"]
[BlackElo "2110"]
[PlyCount "94"]
[EventDate "2022.10.09"]
[EventType "team-tourn"]
[EventRounds "9"]
[EventCountry "GER"]
[SourceTitle "EXT 2024"]
[Source "ChessBase"]
[SourceDate "2023.10.10"]
[SourceVersion "1"]
[SourceVersionDate "2023.10.10"]
[SourceQuality "1"]
[WhiteTeam "Kelheim"]
[BlackTeam "Kitzingen"]
[WhiteTeamCountry "GER"]
[BlackTeamCountry "GER"]

1. e4 g6 2. d4 Bg7 3. c3 d5 4. exd5 Qxd5 5. Nf3 Nf6 6. Nbd2 0-0 7. Bc4 Qd6 8. 0-0 c5 9. Re1 cxd4 10. Nxd4 a6 11. N2f3 b5 12. Bb3 Bb7 13. Bg5 Nbd7 14. Qe2 Rae8 15. Rad1 Qc7 16. Bxf6 Nxf6 17. Ne5 e6 18. Ndf3 Nd5 19. g3 Rd8 20. c4 bxc4 21. Bxc4 Rd6 22. Rc1 Qb6 23. Bd3 Qd8 24. Nc4 Rc6 25. Nfe5 Rc7 26. Be4 Qg5 27. Bg2 Rfc8 28. Nf3 Qf6 29. Nfd2 Qd4 30. Red1 Qa7 31. Ne4 Rd8 32. a3 a5 33. Ncd6 Rxc1 34. Rxc1 Ba6 35. Nc4 Qd4 36. b3 a4 37. bxa4 Nb6 38. Ned2 Bh6 39. Rc2 Nxa4 40. Bf1 Nb6 41. Qe4 Qa1 42. Qc6 Rxd2 43. Nxd2 Bxd2 44. Qg2 Bc3 45. a4 Kg7 46. a5 Nd5 47. h4 Bd3 0-1

[Event "Landesliga Nord 1819"]
[Site "Bayern"]
[Date "2019.04.07"]
[Round "9.4"]
[White "Vogt, Thomas"]
[Black "Ferlan, Istok"]
[Result "0-1"]
[WhiteElo "1912"]
[BlackElo "2112"]
[PlyCount "88"]
[EventDate "2018.10.21"]
[EventType "team-tourn"]
[EventRounds "9"]
[EventCountry "GER"]
[SourceTitle "EXT 2022"]
[Source "ChessBase"]
[SourceDate "2021.10.06"]
[SourceVersion "1"]
[SourceVersionDate "2021.10.06"]
[SourceQuality "1"]
[WhiteTeam "Wuerzburg"]
[BlackTeam "Kitzingen SC"]
[WhiteTeamCountry "GER"]
[BlackTeamCountry "GER"]

1. d4 g6 2. e4 Bg7 3. Nc3 d6 4. Be3 a6 5. Nf3 b5 6. a3 Bb7 7. Bd3 Nd7 8. 0-0 Rc8 9. Re1 c5 10. Qd2 cxd4 11. Bxd4 Ngf6 12. Rad1 0-0 13. h3 Qc7 14. Qe2 e5 15. Be3 Nc5 16. Bg5 h6 17. Bxf6 Bxf6 18. Qd2 Bg7 19. Bf1 Rfd8 20. Nd5 Bxd5 21. exd5 f5 22. Rc1 Ne4 23. Qe3 Qc5 24. c4 bxc4 25. Bxc4 a5 26. Ba2 Qb5 27. b3 Qxd5 28. Rc4 Rxc4 29. bxc4 Qc5 30. Rb1 Qxe3 31. fxe3 Nc3 32. Rb2 e4 33. Nd4 Rc8 34. Nb5 Nxa2 35. Rxa2 Rxc4 36. Nxd6 Rc3 37. a4 Rxe3 38. Nc4 Rc3 39. Nxa5 Bd4+ 40. Kf1 Rc1+ 41. Ke2 Rg1 42. Rc2 Rxg2+ 43. Kd1 Rg1+ 44. Ke2 f4 0-1

[Event "Landesliga Nord 1819"]
[Site "Bayern"]
[Date "2019.02.24"]
[Round "7.5"]
[White "Ferlan, Istok"]
[Black "Wambach, Juergen"]
[Result "0-1"]
[WhiteElo "2112"]
[BlackElo "2044"]
[PlyCount "114"]
[EventDate "2018.10.21"]
[EventType "team-tourn"]
[EventRounds "9"]
[EventCountry "GER"]
[SourceTitle "EXT 2022"]
[Source "ChessBase"]
[SourceDate "2021.10.06"]
[SourceVersion "1"]
[SourceVersionDate "2021.10.06"]
[SourceQuality "1"]
[WhiteTeam "Kitzingen SC"]
[BlackTeam "Klingenberg"]
[WhiteTeamCountry "GER"]
[BlackTeamCountry "GER"]

1. d4 e6 2. Nf3 f5 3. Bf4 Nf6 4. h3 b6 5. e3 Bb7 6. Be2 Be7 7. c4 0-0 8. Nc3 d6 9. 0-0 Ne4 10. Nxe4 Bxe4 11. Nd2 Nd7 12. d5 e5 13. Bh2 Bg5 14. f3 Bxe3+ 15. Kh1 Qg5 16. Nb1 Bxb1 17. Rxb1 Rf6 18. b4 Rg6 19. g3 Nf6 20. Rb3 Nh5 21. g4 Bf4 22. Rf2 Qh4 23. Qf1 Ng3+ 24. Bxg3 Bxg3 25. gxf5 Rh6 26. Rh2 Bxh2 27. Kxh2 Qf4+ 28. Kg2 Qxf5 29. f4 Rf8 30. Bg4 Qe4+ 31. Qf3 Qc2+ 32. Qe2 Qxe2+ 33. Bxe2 Rxf4 34. Ra3 Rhf6 35. Kg1 a5 36. bxa5 bxa5 37. Rxa5 g6 38. Ra8+ Kg7 39. Ra7 Rf7 40. Rb7 Re4 41. Rb2 Re3 42. Kg2 Ra3 43. Bd1 Rf4 44. Bb3 h5 45. Rc2 Ra5 46. Kg3 g5 47. Rc1 Kf6 48. Rc2 e4 49. Rc1 Ke5 50. Rd1 e3 51. Re1 h4+ 52. Kg2 Rf2+ 53. Kg1 Ke4 54. a4 Kf3 55. Rc1 Rg2+ 56. Kh1 Rb2 57. Rc3 Kf2 0-1

[Event "Landesliga Nord 1617"]
[Site "Bayern"]
[Date "2017.04.30"]
[Round "9.4"]
[White "Nuding, Matthias"]
[Black "Ferlan, Istok"]
[Result "1/2-1/2"]
[WhiteElo "2069"]
[BlackElo "2175"]
[PlyCount "76"]
[EventDate "2016.10.16"]
[EventType "team-tourn"]
[EventRounds "9"]
[EventCountry "GER"]
[SourceTitle "EXT 2019"]
[Source "ChessBase"]
[SourceDate "2018.10.10"]
[SourceVersion "1"]
[SourceVersionDate "2018.10.10"]
[SourceQuality "1"]
[WhiteTeam "Nuernberg NT II"]
[BlackTeam "Kitzingen"]
[WhiteTeamCountry "GER"]
[BlackTeamCountry "GER"]

1. e4 g6 2. Nf3 Bg7 3. d4 d6 4. c3 Nf6 5. Bd3 0-0 6. 0-0 Nc6 7. d5 Nb8 8. Nbd2 e5 9. dxe6 Bxe6 10. Nd4 Bc8 11. N2f3 c5 12. Ne2 Bg4 13. Ng3 Bxf3 14. Qxf3 Nc6 15. Bf4 d5 16. exd5 Nxd5 17. Bc4 Nxf4 18. Qxf4 Qb6 19. Rab1 Ne5 20. Rfd1 Rad8 21. Bd5 Kh8 22. c4 f5 23. b3 Rde8 24. h4 h5 25. Nf1 Ng4 26. Re1 Qf6 27. g3 Bh6 28. Qc7 Qd4 29. Rxe8 Qxf2+ 30. Kh1 Rxe8 31. Qf7 Qe2 32. Qxg6 Rf8 33. a4 b6 34. Qe6 Nf2+ 35. Kg1 Nh3+ 36. Kh1 Nf2+ 37. Kg1 Nh3+ 38. Kh1 Nf2+ 1/2-1/2

[Event "Landesliga Nord 1617"]
[Site "Bayern"]
[Date "2017.04.02"]
[Round "8.3"]
[White "Ferlan, Istok"]
[Black "Wiemer, Peter"]
[Result "0-1"]
[WhiteElo "2175"]
[BlackElo "2183"]
[PlyCount "70"]
[EventDate "2016.10.16"]
[EventType "team-tourn"]
[EventRounds "9"]
[EventCountry "GER"]
[SourceTitle "EXT 2019"]
[Source "ChessBase"]
[SourceDate "2018.10.10"]
[SourceVersion "1"]
[SourceVersionDate "2018.10.10"]
[SourceQuality "1"]
[WhiteTeam "Kitzingen"]
[BlackTeam "Zirndorf"]
[WhiteTeamCountry "GER"]
[BlackTeamCountry "GER"]

1. d4 Nf6 2. Nf3 e6 3. Bf4 b6 4. h3 Bb7 5. e3 d6 6. Be2 Be7 7. 0-0 0-0 8. c4 Ne4 9. Qc2 f5 10. Nc3 Nd7 11. Nxe4 Bxe4 12. Qc3 g5 13. Bh2 Qe8 14. Nd2 Bb7 15. b4 Bf6 16. Rab1 e5 17. Rfe1 a5 18. a3 axb4 19. axb4 Ra7 20. c5 dxc5 21. dxc5 bxc5 22. bxc5 Bc6 23. Red1 Qe7 24. Rbc1 Kg7 25. e4 Rfa8 26. exf5 Ra3 27. Qb4 R3a4 28. Qb3 Nxc5 29. Qe3 Rd4 30. Qc3 Rd5 31. Ne4 Rxd1+ 32. Bxd1 Bxe4 33. Qxc5 Qxc5 34. Rxc5 Ra1 35. Rxc7+ Kf8 0-1

[Event "Landesliga Nord 1516"]
[Site "Bayern"]
[Date "2016.02.21"]
[Round "7.8"]
[White "Ferlan, Istok"]
[Black "Braun, Kristin"]
[Result "1-0"]
[WhiteElo "2175"]
[BlackElo "1781"]
[PlyCount "79"]
[EventDate "2015.10.11"]
[EventType "team-tourn"]
[EventRounds "9"]
[EventCountry "GER"]
[SourceTitle "EXT 2018"]
[Source "ChessBase"]
[SourceDate "2017.10.13"]
[SourceVersion "1"]
[SourceVersionDate "2017.10.13"]
[SourceQuality "1"]
[WhiteTeam "Kitzingen"]
[BlackTeam "Forchheim II"]
[WhiteTeamCountry "GER"]
[BlackTeamCountry "GER"]

1. d4 Nf6 2. Nf3 g6 3. Bf4 Bg7 4. h3 0-0 5. e3 d6 6. Be2 c5 7. 0-0 Nc6 8. d5 Nb4 9. c4 Nfxd5 10. cxd5 Bxb2 11. Nbd2 Nxd5 12. Bh6 Nc3 13. Qe1 Bxa1 14. Qxa1 Nxe2+ 15. Kh1 e5 16. Bxf8 Qxf8 17. Re1 Ng3+ 18. fxg3 b6 19. Rf1 f6 20. g4 Qe7 21. e4 Bb7 22. Qc3 Qe6 23. g5 f5 24. exf5 gxf5 25. Nh4 f4 26. Re1 Rf8 27. Ne4 Bxe4 28. Rxe4 Qxa2 29. Kh2 Qf2 30. Qc4+ Rf7 31. Nf5 Kf8 32. Nxd6 Qg3+ 33. Kh1 Rd7 34. Qe6 f3 35. Qe8+ Kg7 36. Qxd7+ Kg6 37. Qf5+ Kh5 38. Qxh7+ Kxg5 39. Qg7+ Kh5 40. Qxg3 1-0

[Event "Landesliga Nord 1516"]
[Site "Bayern"]
[Date "2015.12.13"]
[Round "4.6"]
[White "Monninger, Moritz Franz"]
[Black "Ferlan, Istok"]
[Result "1-0"]
[WhiteElo "2085"]
[BlackElo "2175"]
[PlyCount "61"]
[EventDate "2015.10.11"]
[EventType "team-tourn"]
[EventRounds "9"]
[EventCountry "GER"]
[SourceTitle "EXT 2018"]
[Source "ChessBase"]
[SourceDate "2017.10.13"]
[SourceVersion "1"]
[SourceVersionDate "2017.10.13"]
[SourceQuality "1"]
[WhiteTeam "Herzogenaurach"]
[BlackTeam "Kitzingen"]
[WhiteTeamCountry "GER"]
[BlackTeamCountry "GER"]

1. d4 g6 2. e4 Bg7 3. Nc3 d6 4. f4 a6 5. Nf3 b5 6. Bd3 Nd7 7. a4 b4 8. Ne2 c5 9. c3 Rb8 10. 0-0 bxc3 11. bxc3 Ngf6 12. e5 Nd5 13. Ng5 e6 14. Ne4 0-0 15. Nxd6 cxd4 16. cxd4 Nb4 17. a5 f6 18. Bc4 Qe7 19. f5 fxe5 20. fxe6 Rxf1+ 21. Qxf1 Nf6 22. dxe5 Bxe6 23. Bxe6+ Qxe6 24. Bb2 Ng4 25. Nf4 Qe7 26. Qc4+ Kh8 27. Nf7+ Kg8 28. Nh6+ Kh8 29. Nxg4 Qd7 30. Nf6 Qb7 31. Nxg6+ 1-0

[Event "Landesliga Nord 1415"]
[Site "Bayern"]
[Date "2014.11.23"]
[Round "3.6"]
[White "Ferlan, Istok"]
[Black "Seidens, Udo"]
[Result "1-0"]
[WhiteElo "2175"]
[BlackElo "2161"]
[PlyCount "117"]
[EventDate "2014.10.19"]
[EventType "team-tourn"]
[EventRounds "9"]
[EventCountry "GER"]
[SourceTitle "EXT 2018"]
[Source "ChessBase"]
[SourceDate "2017.10.13"]
[SourceVersion "1"]
[SourceVersionDate "2017.10.13"]
[SourceQuality "1"]
[WhiteTeam "Kitzingen"]
[BlackTeam "Schweinfurt"]
[WhiteTeamCountry "GER"]
[BlackTeamCountry "GER"]

1. d4 Nf6 2. Nf3 e6 3. Bf4 b6 4. e3 Bb7 5. Nbd2 c5 6. c3 Nc6 7. h3 Be7 8. Be2 0-0 9. 0-0 d5 10. Ne5 Ne4 11. Nxe4 dxe4 12. dxc5 Nxe5 13. Bxe5 Bxc5 14. b4 Be7 15. Qb3 Qd5 16. Bg3 Bf6 17. c4 Qd2 18. Rae1 Rfd8 19. c5 Rac8 20. Bc4 Qb2 21. Rd1 Qxb3 22. Bxb3 bxc5 23. Rxd8+ Bxd8 24. Rd1 Bb6 25. bxc5 Bxc5 26. Be5 Bb6 27. g4 h6 28. h4 Rd8 29. Rc1 Bd5 30. Kg2 f6 31. Bg3 Kf7 32. h5 Bxb3 33. axb3 Rd2 34. Rc3 Rd3 35. Rc4 Rxb3 36. Rxe4 a5 37. Bd6 Rd3 38. Bb8 e5 39. Rc4 Rd8 40. Ba7 Rd6 41. Bxb6 Rxb6 42. Rc7+ Ke6 43. Ra7 Rb4 44. Kg3 a4 45. Rxg7 a3 46. Ra7 Rb3 47. Ra5 Kd6 48. Kf3 Ke6 49. Ra6+ Ke7 50. Ke4 Rb2 51. Rxa3 Rxf2 52. Ra7+ Ke6 53. Rh7 Rg2 54. Kf3 Rg1 55. Rxh6 Kd5 56. Rg6 Ke6 57. g5 Rxg5 58. Rxg5 fxg5 59. Kg4 1-0

[Event "Regionalliga NW 0708"]
[Site "Bayern"]
[Date "2008.04.20"]
[Round "9.1"]
[White "Ferlan, Istok"]
[Black "Braeutigam, Thomas"]
[Result "1-0"]
[WhiteElo "2232"]
[BlackElo "2046"]
[PlyCount "57"]
[EventDate "2007.10.21"]
[EventType "team-tourn"]
[EventRounds "9"]
[EventCountry "GER"]
[SourceTitle "EXT 2009"]
[Source "ChessBase"]
[SourceDate "2008.11.26"]
[SourceVersion "1"]
[SourceVersionDate "2008.11.26"]
[SourceQuality "1"]
[WhiteTeam "Kitzingen"]
[BlackTeam "Wuerzburg II"]
[WhiteTeamCountry "GER"]
[BlackTeamCountry "GER"]

1. d4 d5 2. Nf3 Nf6 3. Bf4 c5 4. e3 Nc6 5. c3 cxd4 6. exd4 Bf5 7. Qb3 Qc8 8. h3 e6 9. g4 Bg6 10. Ne5 Be7 11. Nd2 0-0 12. Nxg6 hxg6 13. Bd3 Nd7 14. Nf3 Re8 15. Kf1 Bd8 16. Re1 Bc7 17. Bc1 Nb6 18. Qc2 e5 19. dxe5 Nxe5 20. Bb5 Nc6 21. Rxe8+ Qxe8 22. h4 a6 23. Bd3 Ne5 24. Nxe5 Qxe5 25. h5 g5 26. h6 gxh6 27. Rxh6 Bd8 28. Be3 Nc4 29. Bd4 1-0

[Event "BL2-Ost 0001"]
[Site "Germany"]
[Date "2001.02.18"]
[Round "6.6"]
[White "Ferlan, Istok"]
[Black "Gempe, Thomas"]
[Result "0-1"]
[WhiteElo "2324"]
[BlackElo "2236"]
[PlyCount "106"]
[EventDate "2000.10.15"]
[EventType "team-tourn"]
[EventRounds "9"]
[EventCountry "GER"]
[SourceTitle "CBM 082 Extra"]
[Source "ChessBase"]
[SourceDate "2001.07.03"]
[SourceVersion "1"]
[SourceVersionDate "2001.07.03"]
[SourceQuality "1"]
[WhiteTeam "Wuerzburg"]
[BlackTeam "Leipzig Lok Mitte"]
[WhiteTeamCountry "GER"]
[BlackTeamCountry "GER"]

1. d4 Nf6 2. Nf3 g6 3. Bf4 Bg7 4. e3 0-0 5. h3 d6 6. c3 Nbd7 7. Be2 b6 8. 0-0 Bb7 9. Bh2 c5 10. a4 a6 11. Nbd2 Rc8 12. Re1 cxd4 13. exd4 Re8 14. Bf1 Rc7 15. Qb3 Bh6 16. Rad1 Rf8 17. Re2 Nd5 18. c4 Nf4 19. Ree1 Ne6 20. Ne4 Bxe4 21. Rxe4 Qa8 22. Rh4 Bg7 23. Qe3 Nf6 24. d5 Nc5 25. Bf4 Re8 26. Bh6 Bh8 27. b4 Nxa4 28. Ng5 Qc8 29. Ra1 Qd7 30. Nxf7 Nxd5 31. cxd5 Bxa1 32. Ng5 Bf6 33. Ne6 Bxh4 34. Nxc7 Qxc7 35. Qe6+ Kh8 36. Bxa6 Rg8 37. Bb5 Nc3 38. Bc6 Bf6 39. g4 Qc8 40. Qe3 e6 41. Qxe6 Qxe6 42. dxe6 g5 43. Kf1 Be7 44. h4 Rg6 45. hxg5 Rxe6 46. f4 d5 47. b5 d4 48. f5 Rd6 49. g6 hxg6 50. Bf4 gxf5 51. gxf5 Rd8 52. Be5+ Kg8 53. f6 Bxf6 0-1

[Event "BL2-Ost 0001"]
[Site "Germany"]
[Date "2000.11.12"]
[Round "2.5"]
[White "Zude, Erik"]
[Black "Ferlan, Istok"]
[Result "0-1"]
[WhiteElo "2326"]
[BlackElo "2324"]
[PlyCount "50"]
[EventDate "2000.10.15"]
[EventType "team-tourn"]
[EventRounds "9"]
[EventCountry "GER"]
[SourceTitle "CBM 082 Extra"]
[Source "ChessBase"]
[SourceDate "2001.07.03"]
[SourceVersion "1"]
[SourceVersionDate "2001.07.03"]
[SourceQuality "1"]
[WhiteTeam "Hofheim"]
[BlackTeam "Wuerzburg"]
[WhiteTeamCountry "GER"]
[BlackTeamCountry "GER"]

1. e4 g6 2. d4 Bg7 3. Nc3 c6 4. Bc4 d6 5. a4 Nf6 6. Bb3 0-0 7. f3 e5 8. d5 Na6 9. a5 Nc5 10. Nge2 Nxb3 11. cxb3 cxd5 12. Nxd5 Nxd5 13. Qxd5 Be6 14. Qxb7 d5 15. exd5 Bxd5 16. Qb4 e4 17. fxe4 Rb8 18. Qc5 Bxe4 19. 0-0 Rc8 20. Qe3 Re8 21. Qxa7 f5 22. Be3 Rc2 23. Rfd1 Qh4 24. Bd4 Bxd4+ 25. Qxd4 Qg4 0-1

[Event "BL2-Ost 9900"]
[Site "Germany"]
[Date "1999.11.07"]
[Round "2.5"]
[White "Ferlan, Istok"]
[Black "Schmitzer, Klaus"]
[Result "1-0"]
[WhiteElo "2315"]
[BlackElo "2315"]
[PlyCount "81"]
[EventDate "1999.10.10"]
[EventType "team-tourn"]
[EventRounds "9"]
[EventCountry "GER"]
[SourceTitle "CBM 074 Extra"]
[Source "ChessBase"]
[SourceDate "2000.03.10"]
[SourceVersion "2"]
[SourceVersionDate "2000.03.10"]
[SourceQuality "1"]
[WhiteTeam "Wuerzburg"]
[BlackTeam "Hofheim"]
[WhiteTeamCountry "GER"]
[BlackTeamCountry "GER"]

1. d4 Nf6 2. Nf3 b6 3. Bf4 e6 4. h3 Ba6 5. Nbd2 c5 6. e3 Bxf1 7. Nxf1 Nc6 8. c3 d5 9. Ne5 Nxe5 10. Bxe5 Nd7 11. Bh2 Qc8 12. Qe2 Be7 13. Nd2 0-0 14. 0-0 Qc6 15. Nf3 Rfc8 16. Rfe1 Nf6 17. Qa6 b5 18. Qxc6 Rxc6 19. Ne5 Rb6 20. dxc5 Bxc5 21. Nd3 Be7 22. a4 b4 23. cxb4 Bxb4 24. Rec1 Be7 25. Kf1 Rb3 26. Ke2 Ne8 27. Rc6 Rb6 28. Rac1 Rxc6 29. Rxc6 a5 30. Be5 h6 31. Rb6 g5 32. Rb7 Kf8 33. Bc3 Nd6 34. Rb6 Ne4 35. Bd4 Rc8 36. Kd1 Ke8 37. f3 Ng3 38. Bc3 Bd8 39. Ra6 Rc4 40. Ra8 Kd7 41. Ne5+ 1-0

[Event "Landesliga Nord 9899"]
[Site "Bayern"]
[Date "1999.05.09"]
[Round "8.1"]
[White "Ferlan, Istok"]
[Black "Horther, Heinrich"]
[Result "1/2-1/2"]
[WhiteElo "2270"]
[BlackElo "2195"]
[PlyCount "33"]
[EventDate "1998.10.11"]
[EventType "team-tourn"]
[EventRounds "9"]
[EventCountry "GER"]
[SourceTitle "EXT 2020"]
[Source "ChessBase"]
[SourceDate "2019.10.17"]
[SourceVersion "1"]
[SourceVersionDate "2019.10.17"]
[SourceQuality "1"]
[WhiteTeam "Kitzingen SC"]
[BlackTeam "Kronach"]
[WhiteTeamCountry "GER"]
[BlackTeamCountry "GER"]

1. d4 e6 2. c4 d5 3. Nc3 c5 4. cxd5 exd5 5. Nf3 Nc6 6. g3 Nf6 7. Bg2 Be7 8. 0-0 0-0 9. dxc5 Bxc5 10. Bg5 d4 11. Bxf6 Qxf6 12. Nd5 Qd8 13. Nd2 Bg4 14. Nb3 Bb6 15. Re1 Be6 16. Nf4 Qf6 17. Rc1 1/2-1/2

[Event "Oberliga Bayern 9798"]
[Site "Bayern"]
[Date "1998.??.??"]
[Round "?.3"]
[White "Ferlan, Istok"]
[Black "Dalinger, Valeri"]
[Result "0-1"]
[WhiteElo "2290"]
[BlackElo "2195"]
[PlyCount "94"]
[EventDate "1997.10.??"]
[EventType "team-tourn"]
[EventRounds "9"]
[EventCountry "GER"]
[SourceTitle "EXT 2020"]
[Source "ChessBase"]
[SourceDate "2019.10.17"]
[SourceVersion "1"]
[SourceVersionDate "2019.10.17"]
[SourceQuality "1"]
[WhiteTeam "Kitzingen SC"]
[BlackTeam "Bindlach"]
[WhiteTeamCountry "GER"]
[BlackTeamCountry "GER"]

1. d4 d6 2. Nf3 f5 3. Bf4 Nf6 4. h3 e6 5. e3 Be7 6. Bc4 0-0 7. Nbd2 Nc6 8. c3 Kh8 9. a4 a6 10. b4 Nd5 11. Bxd5 exd5 12. h4 Be6 13. Ng5 Bg8 14. Nb3 Qe8 15. Qf3 a5 16. b5 Nd8 17. Nc1 c6 18. bxc6 Qxc6 19. Ne2 b5 20. axb5 Qxb5 21. 0-0 a4 22. c4 Qc6 23. c5 dxc5 24. dxc5 Bxc5 25. Rfc1 Ra5 26. Nd4 Qa6 27. Bc7 Bb6 28. Be5 Bxd4 29. exd4 Nc6 30. Qa3 Re8 31. Rxc6 Qxc6 32. Rc1 Qa6 33. Rc7 Qg6 34. Qd6 Rxe5 35. Qxe5 Ra8 36. Qe7 a3 37. Ra7 Rxa7 38. Qxa7 Qd6 39. Nf3 h6 40. Ne5 Kh7 41. g3 Be6 42. h5 f4 43. gxf4 Bf5 44. Qa8 Qb4 45. Kg2 Qb3 46. Nf7 Qh3+ 47. Kg1 Qg4+ 0-1

[Event "Oberliga Bayern 9798"]
[Site "Bayern"]
[Date "1997.??.??"]
[Round "?.3"]
[White "Ferlan, Istok"]
[Black "Kaiser, Wolfgang"]
[Result "1/2-1/2"]
[WhiteElo "2290"]
[BlackElo "2355"]
[PlyCount "41"]
[EventDate "1997.10.??"]
[EventType "team-tourn"]
[EventRounds "9"]
[EventCountry "GER"]
[SourceTitle "EXT 2020"]
[Source "ChessBase"]
[SourceDate "2019.10.17"]
[SourceVersion "1"]
[SourceVersionDate "2019.10.17"]
[SourceQuality "1"]
[WhiteTeam "Kitzingen SC"]
[BlackTeam "Passau II"]
[WhiteTeamCountry "GER"]
[BlackTeamCountry "GER"]

1. d4 Nf6 2. Nf3 e6 3. Bg5 c5 4. e3 b6 5. Nbd2 Be7 6. c3 Bb7 7. Bd3 d6 8. Qe2 0-0 9. Bxf6 Bxf6 10. h4 g6 11. h5 Nd7 12. Ne4 Be7 13. hxg6 hxg6 14. 0-0-0 Kg7 15. Bc2 Rh8 16. Rxh8 Qxh8 17. dxc5 Nxc5 18. Nxd6 Bxd6 19. Rxd6 Qh1+ 20. Ne1 Bxg2 21. f3 1/2-1/2

[Event "Unterfranken-ch M1 48th"]
[Site "Bergrheinfeld"]
[Date "1997.??.??"]
[Round "?"]
[White "Kunz, Konstantin"]
[Black "Ferlan, Istok"]
[Result "0-1"]
[WhiteElo "2164"]
[BlackElo "2239"]
[PlyCount "120"]
[EventDate "1997.03.31"]
[EventType "swiss"]
[EventRounds "9"]
[EventCountry "GER"]
[SourceTitle "EXT 2004"]
[Source "ChessBase"]
[SourceDate "2003.11.25"]
[SourceVersion "1"]
[SourceVersionDate "2003.11.25"]
[SourceQuality "1"]

1. d4 g6 2. c4 Bg7 3. Nc3 d6 4. e4 Nf6 5. f3 0-0 6. Be3 Nc6 7. Qd2 a6 8. 0-0-0 Rb8 9. Bh6 e5 10. Nge2 exd4 11. Nxd4 Ne5 12. Be2 c5 13. Nc2 Be6 14. Nd5 Bxd5 15. cxd5 b5 16. h4 Re8 17. Bxg7 Kxg7 18. h5 Rb7 19. Rh3 Kg8 20. Qh6 Qe7 21. Ne3 Kh8 22. Qf4 c4 23. g4 Nfd7 24. hxg6 fxg6 25. Rdh1 Nf8 26. Nc2 Qg7 27. Qe3 Rbe7 28. R3h2 a5 29. Kb1 b4 30. Qb6 b3 31. axb3 Rb7 32. Qxd6 Rxb3 33. Nd4 Rb4 34. Bf1 Nd3 35. e5 Qxe5 36. Qxe5+ Nxe5 37. Ne6 Rb7 38. Nxf8 Rxf8 39. Rc2 Rb4 40. Be2 Kg7 41. Rhc1 Rf4 42. Rd1 Kf6 43. Rh1 Rb7 44. Rhc1 Rc7 45. Rd1 h5 46. gxh5 gxh5 47. Kc1 Rd7 48. Rc3 Rd6 49. Ra3 h4 50. Rxa5 h3 51. Rh1 Rh4 52. Kd2 h2 53. Ke3 Rb6 54. Ra2 Kf5 55. Kf2 Kf4 56. Bf1 Rh8 57. Be2 Rh4 58. d6 Rxd6 59. Ra4 Rd2 60. b3 Nxf3 0-1

[Event "Oberliga Bayern 9596"]
[Site "Bayern"]
[Date "1996.??.??"]
[Round "?"]
[White "De Francesco, Klaus"]
[Black "Ferlan, Istok"]
[Result "0-1"]
[WhiteElo "2280"]
[BlackElo "2270"]
[PlyCount "92"]
[EventDate "1995.10.15"]
[EventType "team-tourn"]
[EventRounds "9"]
[EventCountry "GER"]
[SourceTitle "EXT 2020"]
[Source "ChessBase"]
[SourceDate "2019.10.17"]
[SourceVersion "1"]
[SourceVersionDate "2019.10.17"]
[SourceQuality "1"]
[WhiteTeam "Pasing"]
[BlackTeam "Kitzingen SC"]
[WhiteTeamCountry "GER"]
[BlackTeamCountry "GER"]

1. d4 g6 2. Nf3 Bg7 3. e4 d6 4. h3 Nf6 5. Nc3 0-0 6. Be3 c6 7. a4 a5 8. Be2 Nbd7 9. 0-0 Qc7 10. Bc4 d5 11. exd5 Nb6 12. Bb3 Nbxd5 13. Nxd5 Nxd5 14. Bxd5 cxd5 15. Qd2 Bf5 16. c3 b5 17. axb5 Qb7 18. Bf4 Qxb5 19. Rfe1 Ra7 20. b4 Bf6 21. bxa5 Rfa8 22. Be5 Rxa5 23. Rxa5 Qxa5 24. Qe3 Rc8 25. Rc1 Qa3 26. Bxf6 exf6 27. Qd2 Rb8 28. Qe3 Kg7 29. Nh2 Re8 30. Qd2 Re2 31. Qxe2 Qxc1+ 32. Qf1 Qxc3 33. Ng4 Bxg4 34. hxg4 Qxd4 35. Qe2 Qc3 36. Qd1 d4 37. Kf1 d3 38. f3 Qc2 39. Ke1 Kh6 40. Qxc2 dxc2 41. Kd2 Kg5 42. g3 f5 43. gxf5 Kxf5 44. Kxc2 h5 45. Kd3 g5 46. Ke3 h4 0-1

[Event "Oberliga Bayern 9596"]
[Site "Bayern"]
[Date "1996.??.??"]
[Round "?"]
[White "Ferlan, Istok"]
[Black "Boehm, Uwe"]
[Result "1-0"]
[WhiteElo "2270"]
[BlackElo "2265"]
[PlyCount "119"]
[EventDate "1995.10.15"]
[EventType "team-tourn"]
[EventRounds "9"]
[EventCountry "GER"]
[SourceTitle "EXT 2020"]
[Source "ChessBase"]
[SourceDate "2019.10.17"]
[SourceVersion "1"]
[SourceVersionDate "2019.10.17"]
[SourceQuality "1"]
[WhiteTeam "Kitzingen SC"]
[BlackTeam "Muenchen Siemens"]
[WhiteTeamCountry "GER"]
[BlackTeamCountry "GER"]

1. d4 e6 2. Nf3 d5 3. Bf4 Bd6 4. Bg3 Nf6 5. Nbd2 Bxg3 6. hxg3 Qd6 7. e3 Nbd7 8. c3 e5 9. dxe5 Nxe5 10. Nxe5 Qxe5 11. Qa4+ Bd7 12. Qb4 b6 13. Bb5 c6 14. Bd3 c5 15. Qh4 h6 16. Nf3 Qe7 17. Qf4 Rg8 18. 0-0-0 Ng4 19. Rd2 Rc8 20. Bf5 Bxf5 21. Qxf5 Qe6 22. Qd3 Ke7 23. Qa6 Rc7 24. Qa3 Rd8 25. Rhd1 Nf6 26. Nd4 Qd7 27. f3 Ke8 28. Ne2 Qe7 29. c4 Rcd7 30. cxd5 Rxd5 31. Rxd5 Rxd5 32. Rxd5 Nxd5 33. e4 Nb4 34. Qb3 Qd7 35. a3 Qd3 36. Qxd3 Nxd3+ 37. Kc2 Ne5 38. Nf4 Kd7 39. Nd5 Kd6 40. Ne3 g6 41. f4 Nc6 42. g4 b5 43. e5+ Ke6 44. Kd3 Na5 45. Ke4 a6 46. f5+ gxf5+ 47. gxf5+ Kd7 48. Kd5 c4 49. Ng4 h5 50. Nf6+ Ke7 51. Nxh5 c3 52. bxc3 Nc4 53. Nf4 Nxa3 54. g4 Nc2 55. g5 b4 56. cxb4 Nxb4+ 57. Kc5 Nc2 58. f6+ Ke8 59. g6 fxg6 60. e6 1-0